000 00556nam a2200193Ia 4500
005 20250326144539.0
008 250326s9999 xx 000 0 und d
020 _a0-7619-9550-1
037 _aTextbook
040 _aFMSL
_beng
_cFMSL
041 _aeng
_2eng
084 _aX:51-8 P1
_qFMSL
100 _aVenugopal P
_9735329
245 0 _aMarketing channel management : customer-centric approach
_cVenugopal P
260 _aNew Delhi
_bNew Delhi, Response
_c2001
300 _a186p
942 _cTB
_hX:51-8 P1
999 _c1304126
_d1304126